000
00320nam a2200109Ia 4500
008
200302s9999 xx 000 0 und d
100
_a
Ferdinand L. Singer and others
245
_a
Engineering Mechanics statics and dynamics 3rd ed (SI UNIT)
260
_b
B S Publications Pvt., Ltd.,
260
_c
2010
300
_a
824
999
_c
6231
_d
6231